00486 2200193 4500001002100000005001500021008004100036020001800077035002500095041000800120082001000128090001000138100002200148245003300170250001600203260003300219300002900252650001100281INLIS00000000000890720130515210306 ind  a979-417-599-X a0010-051300000008907 aind a301.2 a301.2 aKoentjaraningrat, aRitus Peralihan Di Indonesia aCetakan : 2 aJakartabBalai Pustakac1993 a270 hlm. : ilus. ;21 cm. aBudaya